Municipios con Mercadona (País Vasco/Euskadi) - Estadísticas

Estadísticas generales
  • Esta prueba ha sido intentada 146 veces
    16 desde el último reinicio
  • La puntuación promedio es 11 de 19
Estadísticas de respuestas
Provincia Municipio Población % Correcto
Barakaldo 102.986
100%
Bizkaia Bilbao 351.124
100%
Gipuzkoa Donostia/San Sebastián 189.866
100%
Araba/Álava Vitoria-Gasteiz 260.699
100%
Irun 63.835
92%
Eibar 27.484
85%
Gernika-Lumo 17.129
69%
Basauri 40.274
62%
Santurtzi 46.442
62%
Zarautz 23.496
62%
Galdakao 24.776
54%
Hernani 20.375
46%
Leioa 32.748
46%
Andoain 14.517
31%
Berango 8.242
23%
Elgoibar 11.705
23%
Iurreta 3.897
23%
Oiartzun 10.480
23%
Lazkao 6.087
8%
No se encontraron pruebas coincidentes
Distribución de puntuación
Porcentaje de gente con cada puntuación
Porcentaje por número respondido
Historial de tus puntuaciones
No has intentado esta prueba desde el último reinicio